Normal view
MARC view
Entry Personal Name
001 - CONTROL NUMBER
- control field: 159820
003 - CONTROL NUMBER IDENTIFIER
- control field: OSt
005 - DATE AND TIME OF LATEST TRANSACTION
- control field: 20220923211221.0
008 - FIXED-LENGTH DATA ELEMENTS
- fixed length control field: 220923|| aca||aabn | a|a d
040 ## - CATALOGING SOURCE
- Original cataloging agency: OSt
- Transcribing agency: OSt
100 ## - HEADING--PERSONAL NAME
- Personal name: हबीब, इरफ़ान; अवधेश कुमार सिंह, अनु
670 ## - SOURCE DATA FOUND
- Source citation: Work cat.: (OSt)297091: हबीब, इरफ़ान; अवधेश कुमार सिंह, अनु., मध्यकालीन भारत में प्रौद्योगिकी, 2016
